Worlds beyond our own (Record no. 18968)

MARC details
000 -LEADER
fixed length control field 00579nam a2200205Ia 4500
003 - CONTROL NUMBER IDENTIFIER
control field IN-BaIIA
008 - FIXED-LENGTH DATA ELEMENTS--GENERAL INFORMATION
fixed length control field 211028s9999 xx 000 0 eng d
020 ## - INTERNATIONAL STANDARD BOOK NUMBER
International Standard Book Number 978-3-319-09893-7
040 ## - CATALOGING SOURCE
Transcribing agency IIA Library
080 ## - UNIVERSAL DECIMAL CLASSIFICATION NUMBER
Universal Decimal Classification number 524.4
Item number FIN
100 ## - MAIN ENTRY--PERSONAL NAME
Personal name Sengupta, Sujan
9 (RLIN) 36211
245 #0 - TITLE STATEMENT
Title Worlds beyond our own
Remainder of title the search for habitable planets
Statement of responsibility, etc. Sujan Sengupta
260 ## - PUBLICATION, DISTRIBUTION, ETC.
Place of publication, distribution, etc. Switzerland
Name of publisher, distributor, etc. Springer
Date of publication, distribution, etc. 2015
300 ## - PHYSICAL DESCRIPTION
Extent xvi, 154p.
490 ## - SERIES STATEMENT
Series statement Astronomers' universe
650 ## - SUBJECT ADDED ENTRY--TOPICAL TERM
Topical term or geographic name entry element Astronomy
9 (RLIN) 80
650 ## - SUBJECT ADDED ENTRY--TOPICAL TERM
Topical term or geographic name entry element Exobiology
9 (RLIN) 20584
650 ## - SUBJECT ADDED ENTRY--TOPICAL TERM
Topical term or geographic name entry element Habitable planets
9 (RLIN) 31559
942 ## - ADDED ENTRY ELEMENTS (KOHA)
Koha item type Books
Holdings
Withdrawn status Lost status Damaged status Not for loan Home library Current library Shelving location Date acquired Source of acquisition Cost, normal purchase price Total Checkouts Full call number Barcode Date last seen Cost, replacement price Price effective from Koha item type Purchase Price
        IIA Library-Bangalore IIA Library-Bangalore General Stacks 27/02/2015 BBI 500.00   523.4/ SEN 19890 05/11/2021 500.00 27/02/2015 Books Rs. 500.00

Powered by Koha